Normal view
MARC view
- water
Entry Topical Term
001 - CONTROL NUMBER
- control field: 4608
003 - CONTROL NUMBER IDENTIFIER
- control field: JO-AjAnu
005 - DATE AND TIME OF LATEST TRANSACTION
- control field: 20230606071043.0
008 - FIXED-LENGTH DATA ELEMENTS
- fixed length control field: 230606|| aca||aabn | a|a d
040 ## - CATALOGING SOURCE
- Original cataloging agency: JO-AjAnu
- Transcribing agency: JO-AjAnu
150 ## - HEADING--TOPICAL TERM
- Topical term or geographic name entry element: water
670 ## - SOURCE DATA FOUND
- Source citation: Work cat.: (JO-AjAnu)2387: Ahluwaila,poonam/Arvind k nema, author 4607, water and Wasterwater Systems(Source,Treament,Conveance and Disposal